| 000 | 00524nam a2200181Ia 4500 | ||
|---|---|---|---|
| 999 |
_c14676 _d14676 |
||
| 003 | OSt | ||
| 005 | 20201020121425.0 | ||
| 008 | 190216s9999||||xx |||||||||||||| ||und|| | ||
| 020 | _a9780816610686 | ||
| 040 | _coclc | ||
| 082 |
_a111.85 _bBUR/T |
||
| 100 |
_aBurger, Peter _95980 |
||
| 245 | 0 |
_aTheory Of The Avant-Garde / _cPeter Burger |
|
| 260 |
_bUniversity Of Minnesota Press , _c2011. _aMinneapolis: |
||
| 300 | _a135p | ||
| 650 | _aEnglish | ||
| 942 |
_cBK _2ddc _h111.85 _iBUR/T _k111.85 _mBUR/T |
||